Modern Day Countries that were part of the German Empire - Statistics

General Stats
  • This quiz has been taken 24 times
  • The average score is 8 of 15
Answer Stats
Country % Correct
Namibia
77%
Tanzania
77%
Togo
77%
Cameroon
64%
Congo
59%
Nigeria
55%
Burundi
50%
Papua New Guinea
50%
Rwanda
50%
Samoa
50%
Central African Republic
45%
Chad
45%
Gabon
45%
Ghana
45%
Micronesia
45%
No matching quizzes found
Score Distribution
Percent of People with Each Score
Percentile by Number Answered
Your Score History
You have not taken this quiz